00496nam a2200157Ia 4500008004100000041000800041082001600049100002100065245002600086250000600112260004100118300000800159650002200167999001900189952013000208210716s2007 xx 000 0 und d aeng a004.65 BAST aBasavaraju, T G. aComputer networks II. a1 aBangalorebStar Tech Educationc2007 a316 aComputer Networks c188412d188412 001040708MCAaAIMITbAIMITeSita Book Houseg199.00l0o004.65 BASTpMCA07920r2025-07-21 00:00:00v159.20w2021-07-16yBK